Παροιμίες και παροιμιακές φράσεις που λέγονται στην Αγιάσο Λέσβου
Αποθηκεύτηκε σε:
| Κύριος συγγραφέας: | |
|---|---|
| Άλλοι συγγραφείς: | |
| Μορφή: | Βιβλίο |
| Γλώσσα: | Greek |
| Δημοσίευση: |
Μυτιλήνη :
1992-1994
|
| Θέματα: | |
| Ετικέτες: |
Προσθήκη ετικέτας
Δεν υπάρχουν, Καταχωρήστε ετικέτα πρώτοι!
|
MARC
| LEADER | 00000cam a2200000 i 4500 | ||
|---|---|---|---|
| 001 | 1/1631 | ||
| 008 | 950712m19921994gr | ||| |||| ||gre|| | ||
| 035 | |l 10014512 | ||
| 040 | |a GR-MyUa |b gre |e AACR2 | ||
| 041 | 0 | |a gre | |
| 082 | 7 | |a 398.90949582 |2 (22) | |
| 100 | 1 | |a Παπάνης, Δημήτρης. | |
| 245 | 1 | 0 | |a Παροιμίες και παροιμιακές φράσεις που λέγονται στην Αγιάσο Λέσβου / |c Δημήτρη Παπάνη και Γιάννη Παπάνη. |
| 260 | |a Μυτιλήνη : |c 1992-1994 | ||
| 300 | |a 6 τ. ; |c 24 εκ. | ||
| 650 | 0 | 0 | |a Proverbs, Greek (Modern) |z Greece |z Hagiasos. |
| 650 | 0 | 0 | |a Folklore |z Greece |z Hagiasos. |
| 700 | 1 | |a Παπάνης, Γιάννης Δ., |d 1942- | |
| 852 | |a INST |b LESVOS |e 19950712 |h 398.90949582 ΠΑΠ |p 005100007701 |q 005100007701 |t BK |v τ.2: |y 0 |z τ.2 | ||
| 852 | |a INST |b LESVOS |e 19990127 |h 398.90949582 ΠΑΠ |p 005100007702 |q 005100007702 |t BK |v τ.1: |y 0 |z τ.1 | ||
| 852 | |a INST |b LESVOS |e 19970206 |h 398.90949582 ΠΑΠ |p 005100007703 |q 005100007703 |t BK |v τ.3: |y 0 |z τ.3 | ||
| 852 | |a INST |b LESVOS |e 19990127 |h 398.90949582 ΠΑΠ |p 005100007704 |q 005100007704 |t BK |v τ.4: |y 0 |z τ.4 | ||
| 852 | |a INST |b LESVOS |e 19970206 |h 398.90949582 ΠΑΠ |p 005100007705 |q 005100007705 |t BK |v τ.5: |y 0 |z τ.5 | ||
| 853 | |a INST |b LESVOS |h 398.90949582 ΠΑΠ | ||
| 920 | |a ΔΩΡΕΑ ΒΙΒΛΙΟΘΗΚΗΣ |y ΛΕΣΒΟΣ |z 1995-07 | ||